000 00850cab a2200253 4500
001 WB3007-44
008 090401t1994 xxu||||| |||| 00| 0 eng d
035 _a(Sirsi) u71650
041 _aeng
245 _aMcAlpine faces pollution battle
260 _c1994
350 _a0
490 _aContract Journal
_v372(5962) 17 February 1994, 1(1)
520 _aAlfred McAlpine Homes has been given leave to appeal to the HL against a ruling that the main contractor should be prosecuted for a water pollution offence by a subcontractor. Action brought by the National Rivers Authority. (See WB3005-53).
650 _aMAIN CONTRACTORS
650 _aPOLLUTION
650 _aRIVERS
650 _aSUBCONTRACTORS
650 _aWATER POLLUTION
650 _aWATER RESOURCES ACT 1991 S85
690 _aWATER
942 _n0
948 _c04/03/1997
999 _c45198
_d45198